<?xml version="1.0" encoding="UTF-8"?>
<record
    xmlns:xsi="http://www.w3.org/2001/XMLSchema-instance"
    xsi:schemaLocation="http://www.loc.gov/MARC21/slim http://www.loc.gov/standards/marcxml/schema/MARC21slim.xsd"
    xmlns="http://www.loc.gov/MARC21/slim">

  <leader>00915 aa a2200229   4500</leader>
  <controlfield tag="005">20120217145556.0</controlfield>
  <datafield tag="010" ind1=" " ind2=" ">
    <subfield code="a"> </subfield>
  </datafield>
  <datafield tag="020" ind1=" " ind2=" ">
    <subfield code="c">75.00</subfield>
    <subfield code="a"> </subfield>
  </datafield>
  <datafield tag="035" ind1=" " ind2=" ">
    <subfield code="a">A-875710</subfield>
  </datafield>
  <datafield tag="037" ind1=" " ind2=" ">
    <subfield code="b"> </subfield>
    <subfield code="a">dpl</subfield>
  </datafield>
  <datafield tag="082" ind1=" " ind2=" ">
    <subfield code="a">220.24</subfield>
  </datafield>
  <datafield tag="100" ind1=" " ind2=" ">
    <subfield code="a">&#x92D;&#x935;&#x93E;&#x928;&#x940;&#x932;&#x93E;&#x932; &#x92D;&#x93E;&#x930;&#x924;&#x940;&#x92F;</subfield>
    <subfield code="9">42486</subfield>
  </datafield>
  <datafield tag="245" ind1=" " ind2=" ">
    <subfield code="a">&#x909;&#x92A;&#x928;&#x93F;&#x937;&#x926;&#x94B;&#x902; &#x915;&#x940; &#x915;&#x925;&#x93E;&#x90F;&#x901; /</subfield>
    <subfield code="c">&#x92D;&#x935;&#x93E;&#x928;&#x940;&#x932;&#x93E;&#x932; &#x92D;&#x93E;&#x930;&#x924;&#x940;&#x92F;</subfield>
  </datafield>
  <datafield tag="246" ind1=" " ind2=" ">
    <subfield code="a"> </subfield>
  </datafield>
  <datafield tag="260" ind1=" " ind2=" ">
    <subfield code="a">&#x926;&#x93F;&#x932;&#x94D;&#x932;&#x940;</subfield>
    <subfield code="b">&#x935;&#x93F;&#x91C;&#x92F;&#x915;&#x941;&#x92E;&#x93E;&#x930; &#x917;&#x94B;&#x935;&#x93F;&#x928;&#x94D;&#x926;&#x930;&#x93E;&#x92E; &#x939;&#x93E;&#x938;&#x93E;&#x928;&#x928;&#x94D;&#x926;</subfield>
    <subfield code="c">1996</subfield>
  </datafield>
  <datafield tag="260" ind1=" " ind2=" ">
    <subfield code="a"> </subfield>
  </datafield>
  <datafield tag="300" ind1=" " ind2=" ">
    <subfield code="a">148&#x92A;&#x943;</subfield>
    <subfield code="c">22 &#x938;&#x947;&#x92E;&#x940; (&#x938;&#x91C;&#x93F;&#x932;&#x94D;&#x926;)</subfield>
  </datafield>
  <datafield tag="650" ind1=" " ind2=" ">
    <subfield code="a">Statistic</subfield>
    <subfield code="9">42487</subfield>
  </datafield>
  <datafield tag="700" ind1=" " ind2=" ">
    <subfield code="a">&#x913;&#x91D;&#x93E;, &#x90F;&#x928;.&#x90F;&#x928;.</subfield>
    <subfield code="9">42439</subfield>
  </datafield>
  <datafield tag="942" ind1=" " ind2=" ">
    <subfield code="a">dpl</subfield>
    <subfield code="c">HN</subfield>
    <subfield code="k"> </subfield>
    <subfield code="2">ddc</subfield>
    <subfield code="h">220.24</subfield>
    <subfield code="m">&#x92D;&#x935;&#x93E;&#x928;&#x940; </subfield>
  </datafield>
  <datafield tag="999" ind1=" " ind2=" ">
    <subfield code="c">63121</subfield>
    <subfield code="d">63121</subfield>
  </datafield>
  <datafield tag="952" ind1=" " ind2=" ">
    <subfield code="0">0</subfield>
    <subfield code="1">0</subfield>
    <subfield code="4">0</subfield>
    <subfield code="7">0</subfield>
    <subfield code="8">NFIC</subfield>
    <subfield code="a">ZLS</subfield>
    <subfield code="b">ZLS</subfield>
    <subfield code="d">2012-02-17</subfield>
    <subfield code="g">75.00</subfield>
    <subfield code="l">0</subfield>
    <subfield code="o">220.24 &#x92D;&#x935;&#x93E;&#x928;&#x940;</subfield>
    <subfield code="p">A-875710</subfield>
    <subfield code="r">2012-02-17 00:00:00</subfield>
    <subfield code="v">75.00</subfield>
    <subfield code="w">2012-02-17</subfield>
    <subfield code="y">HN</subfield>
  </datafield>
</record>
